000 00837cab a2200229 4500
001 WB3227-49
008 090401t1996 xxu||||| |||| 00| 0 eng d
035 _a(Sirsi) u50696
041 _aeng
245 _aPlanning time limits
260 _c1996
350 _a0
490 _aEstates Gazette Case Summaries
_v[1996] EGCS 115(1) (6/7/96)
520 _a"Agecrest Ltd v Gwynedd CC" QBD 27 June 1996. Considers whether planning permission for five holiday villages granted in 1964 was still valid if only the spur road had been constructed to avoid a betterment levy. Decision in favour of plaintiff developers.
650 _aAGECREST LTD V GWYNEDD CC
650 _aBETTERMENT LEVY
650 _aHOLIDAY VILLAGES
650 _aTIME LIMITS
690 _aPLANNING LAW AND PRACTICE-CASE LAW
942 _n0
948 _c04/03/1997
999 _c31640
_d31640